Pulse power for lasers : 13-14 January 1987, Los Angeles, California /

Bibliographic Details
Corporate Author: Society of Photo-optical Instrumentation Engineers
Other Authors: Burkes, Tommy R.
Format: Book
Language:English
Published: Bellingham, Wash., USA : The Society, [1987]
Series:Proceedings of SPIE--the International Society for Optical Engineering ; v. 735.
Subjects:
Online Access:https://www.spiedigitallibrary.org/conference-proceedings-of-SPIE/0735.toc

MARC

Tag First Indicator Second Indicator Subfields
LEADER 00000cam a2200000 a 4500
001 in00000031254
005 20230404153810.1
008 870811s1987 waua b 101 0 eng
010 |a  87060139  
020 |a 0892527706 (pbk.) 
035 |a (OCoLC)15972859 
035 |9 AAC0647AM 
040 |a DLC  |c DLC  |d TXA  |d UtOrBLW 
049 |a TXAM  |c [A11672891] 
050 0 0 |a TA1677  |b .P85 1987 
082 0 |a 621.36/6  |2 19 
245 0 0 |a Pulse power for lasers :  |b 13-14 January 1987, Los Angeles, California /  |c Tommy R. Burkes, chair/editor ; sponsored by SPIE--the International Society for Optical Engineering, in cooperation with Center for Applied Optics/University of Alabama in Huntsville [and others]. 
264 1 |a Bellingham, Wash., USA :  |b The Society,  |c [1987] 
264 4 |c ©1987 
300 |a vi, 101 pages :  |b illustrations ;  |c 28 cm. 
336 |a text  |b txt  |2 rdacontent 
337 |a unmediated  |b n  |2 rdamedia 
338 |a volume  |b nc  |2 rdacarrier 
490 1 |a Proceedings of SPIE--The International Society for Optical Engineering ;  |v v. 735 
504 |a Includes bibliographies and index. 
650 0 |a High power lasers  |x Power supply  |x Congresses. 
650 0 |a Pulse techniques (Electronics)  |x Congresses. 
700 1 |a Burkes, Tommy R. 
710 2 |a Society of Photo-optical Instrumentation Engineers. 
830 0 |a Proceedings of SPIE--the International Society for Optical Engineering ;  |v v. 735. 
856 4 1 |u https://www.spiedigitallibrary.org/conference-proceedings-of-SPIE/0735.toc  |t 0 
999 |a MARS 
999 f f |s 1976ade7-a5c5-31bf-ac4f-0cb3719d2359  |i 65f9f32d-3d7a-3a12-b6ed-fbf832dcc699  |t 0 
952 f f |p ric  |a Texas A&M University  |b Rellis Campus  |c Joint Library Facility  |d Remote Storage  |t 0  |e TA1677 .P85 1987  |h Library of Congress classification  |i unmediated -- volume  |m A14811672891 
998 f f |a TA1677 .P85 1987  |t 0  |l Remote Storage